banner koha

Cooperação internacional (Registro n. 339510)

MARC details
000 -LÍDER
Campo de controle fixo 00792nam a22002897a 4500
001 - NÚMERO DE CONTROLE
Número de controle BR2025005285
003 - CÓDIGO MARC DA AGÊNCIA CATALOGADORA
Campo de controle BR-BrBNA
005 - DATA E HORA DA ÚLTIMA ATUALIZAÇÃO
Campo de controle 20251219155156.0
008 - CAMPO DE TAMANHO FIXO
Campo fixo de controle 251219b bl.||||| |||| 00| 0 por d
020 ## - ISBN - INTERNATIONAL STANDARD BOOK NUMBER
ISBN 978-65-5541-484-4
040 ## - FONTE DA CATALOGAÇÃO
Agência catalogadora BR-BrBNA
Idioma da catalogação por
072 ## - CATEGORIA AGRIS
Código da categoria de assunto/objeto <a href="E14">E14</a>
090 ## - NÚMERO DE CHAMADA
Localização na estante E14 BR2025005285
100 0# - ENTRADA PRINCIPAL - NOME PESSOAL
Nome pessoal Leite, Iara
245 ## - TÍTULO PRINCIPAL
Título principal Cooperação internacional
Subtítulo Coleção relações internacionais
260 ## - IMPRENTA (PUBLICAÇÃO, DISTRIBUIÇÃO, ETC.)
Lugar de publicação, distribuição, etc. São Paulo, SP (Brasil)
Nome do editor, distribuidor, etc. Contexto
Data de publicação, distribuição, etc 2024
300 ## - DESCRIÇÃO FÍSICA
Extensão 144 p.
500 ## - NOTA GERAL
Notas gerais 10 ref.; 2 illus.; 5 tables
650 ## - ASSUNTO - THESAGRO
Cabeçalho tópico ou nome geográfico COOPERAÇÃO INTERNACIONAL
650 ## - ASSUNTO - THESAGRO
Cabeçalho tópico ou nome geográfico POLÍTICA DO ESTADO
650 ## - ASSUNTO - THESAGRO
Cabeçalho tópico ou nome geográfico ENERGIA NUCLEAR
650 ## - ASSUNTO - THESAGRO
Cabeçalho tópico ou nome geográfico POLÍTICA ALIMENTAR
650 ## - ASSUNTO - THESAGRO
Cabeçalho tópico ou nome geográfico POLÍTICA AMBIENTAL
650 ## - ASSUNTO - THESAGRO
Cabeçalho tópico ou nome geográfico SAÚDE
909 ## - IDENTIFICAÇÃO DO CATALOGADOR
Ano e mês da catalogação (aaaamm) 202512
Identificação do catalogador Fernando
942 ## - TIPO ESPECÍFICO
Tipo de material Livros
952 ## - LOCATION AND ITEM INFORMATION (KOHA)
-- 2025-12-19
Exemplares
Status de empréstimo Fonte de classificação Status de danificação Não pode ser emprestado Código da coleção Localização permanente Localização atual Localização na estante Total Checkouts Número de chamada Código de barras Tipo de material
  Classificação AGRIS     Agrobase Biblioteca Nacional de Agricultura - Binagri Biblioteca Nacional de Agricultura - Binagri Agrobase - Acervo Geral   E14 BR2025005285 2025-7459 Livros

BINAGRI

Telefone: (61)3218-2567/2388/3357/2097 - binagri@agro.gov.br

Ministério da Agricultura e Pecuária , Esplanada dos Ministérios, Bloco D, Anexo B, Brasília/DF, CEP: 70.043-900